| 000 | 01628nam0a22002651 4500 | ||
|---|---|---|---|
| 001 | rc\3370307 | ||
| 005 | 20260406170653.0 | ||
| 021 |
_aRU _b[74-37280] |
||
| 035 | _a(NLR Aleph) 007529716 | ||
| 090 |
_a7751221 _c7751221 |
||
| 100 | _a20130115d1974 |||y0rusy50 ca | ||
| 101 | 0 | _arus | |
| 102 | _aRU | ||
| 105 | _aa z ||||| | ||
| 200 | 1 |
_aТехнические требования на ремонт плугов и сеялок _eУтв. Гл. упр. механизации и электрификации сел. хоз-ва МСХ СССР и Упр. ремонта и произв.-техн. обслуживания маш.-тракт. парка в/о "Союзсельхозтехника" в 1972 г. _fМ-во сел. хоз-ва СССР. Всесоюз. объединение "Союзсельхозтехника" Совета Министров СССР. Гос. всесоюз. науч.-исслед. технол. ин-т ремонта и эксплуатации маш.-тракт. парка "ГосНИТИ" |
|
| 210 |
_aМосква _cБ. и. _d1974 |
||
| 215 |
_a96 с. _cил. _d21 |
||
| 606 |
_aПлуги тракторные _xРемонт _jТехнические условия _2psbo |
||
| 606 |
_aСеялки тракторные _xРемонт _jТехнические условия _2psbo |
||
| 712 | 0 | 1 |
_aСССР _bГлавное управление механизации и электрификации сельского хозяйства _3RU\NLR\AUTH\889938013 _9370836 |
| 801 | 0 |
_aRU _bNLR _gpsbo |
|
| 801 | 1 |
_aRU _bELAR _2rusmarc |
|
| 852 |
_aNLR _j73-6/14294 |
||
| 942 | _cBOOK | ||
| 980 | _aNB | ||